000 00425nam a2200205Ia 4500
001 001047
003 YMCAF
005 20230512160045.0
008 100717s1971 ||||||||||||||||| ||und|d
024 _a1047
035 _a1029
040 _aYMCAF
_beng
_cIN-KoLT
041 _aeng
082 _aLIF-SPE
100 _aSPENCER JONES
245 0 _aLIFE OIF ONTHER WORDS
260 _c1971
300 _a250
942 _2ddc
_cBK
999 _c838
_d838